| 000 | 00360nam a2200145Ia 4500 | ||
|---|---|---|---|
| 008 | 260223s2025 xx 000 0 und d | ||
| 020 | _a9788197750021 | ||
| 041 | _aeng | ||
| 082 | _a610.7343/GIL | ||
| 100 | _aGill .KK | ||
| 245 |
_aCommunity Health Nursing-II _bCommunity |
||
| 260 |
_aNew Delhi _bCBS,Pub. _c2025 |
||
| 300 | _a450P | ||
| 650 | _aCommunity | ||
| 999 |
_c1216356 _d1216356 |
||